| 000 | 00630nam a2200217 a 4500 | ||
|---|---|---|---|
| 001 | 1239 | ||
| 003 | CDMR | ||
| 005 | 20131203155415.0 | ||
| 008 | 130130s1980||||||||||||||||||||||||||||d | ||
| 020 | _a8425209935 | ||
| 040 |
_aCDMR _bcat _cCDMR |
||
| 100 | 1 |
_aPross, Harry _9962 |
|
| 245 | 1 | 0 |
_aEstructura simbólica del poder _b: [teoría y práctica de la comunicación pública] _cHarry Pross |
| 260 |
_aBarcelona _c1980 _bGustavo Gili |
||
| 300 | _a177 p. | ||
| 490 | 0 | _aGG MassMedia | |
| 650 | 0 | 4 |
_94434 _aPoder (Ciències socials) |
| 650 | 0 | 4 |
_94376 _aSímbols |
| 650 | 0 | 4 |
_93324 _aComunicació en la política |
| 942 |
_cMON _2udc |
||
| 999 |
_c1239 _d1239 |
||